000 00402nam a2200157Ia 4500
003 OSt
005 20230927161539.0
008 230219s9999 xx 000 0 und d
020 _a9788185229635
082 _a305
_bCHAC
100 _aCHANDRA, Sudhir
245 0 _aContinuing Dilemma : Understanding Social Consciousness
260 _aNew Delhi
_bTulika Books
_c2002
300 _a321
942 _cBK
_2ddc
999 _c1294
_d1294